ՀՀ Գիտությունների ազգային ակադեմիայի հիմնարար գիտական գրադարան  =   Fundamental Scientific Library of NAS RA

Исторический материализм : (Record no. 328562)

MARC details
000 -LEADER
fixed length control field 00724nam a2200193 a 4500
001 - CONTROL NUMBER
control field 000990270
003 - CONTROL NUMBER IDENTIFIER
control field AM-YEHGA
005 - DATE AND TIME OF LATEST TRANSACTION
control field 20260324102315.0
008 - FIXED-LENGTH DATA ELEMENTS--GENERAL INFORMATION
fixed length control field 131030s1922 ru r 000 0 rus d
040 ## - CATALOGING SOURCE
Original cataloging agency AM-YEHGA
041 1# - LANGUAGE CODE
Language code of text/sound track or separate title rus
100 1# - MAIN ENTRY--PERSONAL NAME
Personal name Лабриола, Антонио
245 10 - TITLE STATEMENT
Title Исторический материализм :
Remainder of title Очерки материалистического понимания истории /
Statement of responsibility, etc. Антонио Лабриола ; Пер. А.Н. Горлина.
260 ## - PUBLICATION, DISTRIBUTION, ETC.
Place of publication, distribution, etc. Петербург :
Name of publisher, distributor, etc. Госиздат,
Date of publication, distribution, etc. 1922.
300 ## - PHYSICAL DESCRIPTION
Extent 221 с.
650 14 - SUBJECT ADDED ENTRY--TOPICAL TERM
Topical term or geographic name entry element Исторический материализм
700 1# - ADDED ENTRY--PERSONAL NAME
Personal name Горлин, А.Н.
Relator term пер.
Relationship trl
942 ## - ADDED ENTRY ELEMENTS (KOHA)
Source of classification or shelving scheme Universal Decimal Classification
Koha item type Գրքեր / Books
Holdings
Withdrawn status Lost status Source of classification or shelving scheme Damaged status Not for loan Collection Home library Current library Date acquired Total checkouts Full call number Barcode Date last seen Price effective from Koha item type Public note
    Universal Decimal Classification     General Fundamental Scientific Library Fundamental Scientific Library 09/01/2017   PII/483717 FL0271668 09/01/2017 09/01/2017 Գրքեր / Books 30 Days Loan
    Universal Decimal Classification     Hovhannisian Individual Collection Fundamental Scientific Library Fundamental Scientific Library 20/02/2018   Иоан/1325 FL0480708 20/02/2018 20/02/2018 Գրքեր / Books ILL Non-Circ.
    Universal Decimal Classification     General Fundamental Scientific Library Fundamental Scientific Library 22/03/2019   РД II/52925 FL0567293 22/03/2019 22/03/2019 Գրքեր / Books 30 Days Loan
    Universal Decimal Classification     Kusikian Individual Collection Fundamental Scientific Library Fundamental Scientific Library 08/12/2025   Кус/5683 FL0700222 08/12/2025 08/12/2025 Գրքեր / Books ILL Non-Circ.


ՀՀ ԳԱԱ հիմնարար գիտական գրադարան
ՀՀ,Երևան 0019
Մարշալ Բաղրամյան 24/6
հեռախոս:(374-10) 52-47-50
Հետադարձ կապ

All site content, except where otherwise noted, is licensed under a
Creative Commons License